000 02087cam a2200421 a 4500
999 _c331745
_d331745
001 14795553
003 NUST
005 20191215194516.0
008 061212s2006 pk b 001 0 per d
010 _a 2006312889
020 _z969416366X
035 _a(OCoLC)ocn430970595
038 _aArshad
040 _aGZM
_cGZM
_dGZM
_dDLC
042 _alccopycat
_alcode
050 0 0 _aPK2199.I65
_bZ59158 2006
066 _c(3
_c(4
082 _a891.5113
_bBAQ
100 1 _6880-01
_aBaqāʼī, Muḥammad,
_d1944 or 1945-
_95573
245 1 0 _6880-02
_aIqbāl va dah chihrah-ʼi dīgar :
_bHūmar, Ḥallāj, Sanāʼī, Suhravardī, Mawlavī, Shabastarī, Kasravī, Hissah, Janāḥ va Shimil /
_cnivishtah-i, Muḥammad Baqāʼī (Mākān).
246 3 0 _6880-03
_aHūmar, Ḥallāj, Sanāʼī, Suhravardī, Mawlavī, Shabastarī, Kasravī, Hissah, Janāḥ va Shimil
250 _6880-04
_aChāp-i 1.
260 _6880-05
_aLāhore :
_bIqbāl Akādimī Pākistān,
_c2006.
300 _a272 p. ;
_c22 cm.
504 _aIncludes bibliographical references and index.
546 _aIn Persian.
600 1 0 _aIqbal, Muhammad,
_cSir,
_d1877-1938.
_920
600 1 0 _aIqbal, Muhammad,
_cSir,
_d1877-1938
_xKnowledge
_xCivilization, Western.
_95574
710 2 _aIqbal Academy (Lahore, Pakistan)
_98
880 1 _6100-01/(3/r‏
_a‏بقائى، محمد.
880 1 0 _6245-02/(3/r‏
_a‏اقبال و ده چهرۀ ديگر :‏
_b‏هومر، حلاج، سنائى، سهروردى، مولوى، شبسترى، کسروى، هسه، جناح و شمل /‏
_c‏نوشته، محمد بقائى (ماکان).
880 3 0 _6246-03/(3/r‏
_a‏هومر، حلاج، سنائى، سهروردى، مولوى، شبسترى، کسروى، هسه، جناح و شمل
880 _6250-04/(4/r‏
_a‏چاپ 1.
880 _6260-05/(3/r‏
_a‏لاهور :‏
_b‏اقبال اکادمى پاکستان،‏
_c‏‫2006‬.
906 _a7
_bcbc
_ccopycat
_d3
_encip
_f20
_gy-nonroman
942 _2ddc
_cBK